LEADER 01343nam0 22003013i 450 001 UTO1342119 005 20251003044437.0 010 $a0892323558 100 $a20220722d1985 ||||0itac50 ba 101 | $aeng$ceng 102 $aus 181 1$6z01$ai $bxxxe 182 1$6z01$an 183 1$6z01$anc$2RDAcarrier 200 1 $aˆ1: ‰Advances in financial planning and forecasting$ea research annual$e1985$feditor Cheng F-Lee 210 $aGreenwich [CT], London$cJAI Press$d1985 215 $aXII, 323 p.$cformule$d24 cm. 500 11$aAdvances in financial planning and forecasting$3UTO1342629$92902204 676 $a658.151$9GESTIONE FINANZIARIA. CONTROLLO$v23 702 1$aLee$b, Cheng-Few$3MILV075640 801 3$aIT$bIT-000000$c20220722 850 $aIT-BN0095 901 $bNAP 01$cPOZZO LIB.$nVi sono collocati fondi di economia, periodici di ingegneria e scienze, periodici di economia e statistica e altri fondi comprendenti documenti di economia pervenuti in dono. 912 $aUTO1342119 950 0$aBiblioteca Centralizzata di Ateneo$c1 v.$d 01POZZO LIB.ECON MON 6847$e 0101 0700186395E VMA 1 v. (Precedente collocazione 18 Ec 639)$fB $h20220722$i20220722 977 $a 01 996 $aAdvances in financial planning and forecasting$92902204 997 $aUNISANNIO